• 首页
  • 本馆介绍
  • 公告通知
  • 最新文献
  • 馆藏检索
  • 电子资源
  • 读者导购
  • 参考咨询
  • 我的图书馆
  • 登录
  • 详细信息显示
  • 放入我的书架
  • 预约/预借图书
  • 作者相关作品
  • 分类相关作品
  • 丛书相关作品
  • 出版社相关作品

书目信息

  • 表格格式
  • 工作单格式
  • 卡片格式
题名:
FDP—人体细胞健康的保护神
    
 
作者: 应汉杰 编著
分册:  
出版信息: 北京   中国科学技术出版社  2003
页数: 67页
开本: 20cm
丛书名:
单 册:
中图分类: Q539
科图分类:
主题词: 碳水化合物--生物化学
电子资源:
ISBN: 7-5046-3546-4
000 00585nam0 2200193 450
001 0652294219
005 20061020143248.01
010    @a7-5046-3546-4@dCNY8.00
100    @a20061020d2003 km y0chiy0120 ea
101 0  @achi
102    @aCN@b110000
200 1  @aFDP—人体细胞健康的保护神@AFDP—ren ti xi bao jian kang de bao hu shen@f应汉杰编著@Fying han jie bian zhu
210    @a北京@c中国科学技术出版社@d2003
215    @a67页@d20cm
606 0  @a碳水化合物@x生物化学
690    @aQ539@v3
701  0 @a应汉杰@Aying han jie@4编著
801  0 @aCN@bPFT@c20061020
905    @a10447@dQ539@e116
    
    FDP—人体细胞健康的保护神/应汉杰编著.-北京:中国科学技术出版社,2003
    67页;20cm
    
    
    ISBN 7-5046-3546-4:CNY8.00
    
●
相关链接 在E读中查询图书 在五车中查询图书 在当当中查询图书 在豆瓣中查询图书


正题名:FDP—人体细胞健康的保护神     索取号:Q539/116         预约/预借

序号 登录号 条形码 馆藏地/架位号 状态 备注
1 0504162   205041621   密集书库/ [索取号:Q539/116] 在馆    
唐山师范学院图书馆 欢迎您!
大连网信软件有限公司© 版权所有